| 000 | 00454 a2200169 4500 | ||
|---|---|---|---|
| 001 | 108 | ||
| 082 | _a658.5756 ULR | ||
| 090 |
_c32 _d32 |
||
| 100 | _aUlrich, K T. | ||
| 245 | _aProduct Design and Development, 2nd ED | ||
| 250 | _a2 | ||
| 260 |
_aboston _bMcGraw-Hill, Boston _c2000 |
||
| 300 |
_axxvi, 358 p _bN-446 is origional book |
||
| 500 | _aBE textbook IE dept | ||
| 520 | _aN-446 is origional book | ||
| 740 | _aN-446 is origional book | ||
| 942 |
_aNUST-CAE _k658.5756 ULR |
||
| 999 |
_c235181 _d235181 |
||